<?xml version="1.0" encoding="UTF-8"?>
<record
    xmlns:xsi="http://www.w3.org/2001/XMLSchema-instance"
    xsi:schemaLocation="http://www.loc.gov/MARC21/slim http://www.loc.gov/standards/marcxml/schema/MARC21slim.xsd"
    xmlns="http://www.loc.gov/MARC21/slim">

  <leader>01164nam a22002777a 4500</leader>
  <controlfield tag="005">20240530110359.0</controlfield>
  <controlfield tag="008">150118s2010    ua of  g      000 0 ara d</controlfield>
  <datafield tag="017" ind1=" " ind2=" ">
    <subfield code="a">2009/20295</subfield>
    <subfield code="b">&#x645;&#x635;&#x631; . &#x62F;&#x627;&#x631; &#x627;&#x644;&#x643;&#x62A;&#x628; &#x627;&#x644;&#x645;&#x635;&#x631;&#x64A;&#x629;</subfield>
  </datafield>
  <datafield tag="020" ind1=" " ind2=" ">
    <subfield code="a">9789776276949</subfield>
  </datafield>
  <datafield tag="040" ind1=" " ind2=" ">
    <subfield code="a">EG-CaGPL</subfield>
  </datafield>
  <datafield tag="041" ind1="0" ind2=" ">
    <subfield code="a">ara</subfield>
  </datafield>
  <datafield tag="082" ind1="0" ind2="4">
    <subfield code="2">21</subfield>
    <subfield code="a">954\</subfield>
    <subfield code="b">&#x644; &#x62D;</subfield>
  </datafield>
  <datafield tag="100" ind1="1" ind2=" ">
    <subfield code="a">&#x644;&#x648;&#x628;&#x648;&#x646; &#x60C; &#x63A;&#x648;&#x633;&#x62A;&#x627;&#x641;</subfield>
  </datafield>
  <datafield tag="245" ind1="1" ind2="0">
    <subfield code="a">&#x62D;&#x636;&#x627;&#x631;&#x627;&#x62A; &#x627;&#x644;&#x647;&#x646;&#x62F; : </subfield>
    <subfield code="b">&#x643;&#x62A;&#x627;&#x628; &#x645;&#x635;&#x648;&#x631; &#x64A;&#x634;&#x62A;&#x645;&#x644; &#x639;&#x644;&#x649; 186 &#x635;&#x648;&#x631;&#x629; &#x648;&#x62E;&#x631;&#x64A;&#x637;&#x62A;&#x64A;&#x646; &#x648;&#x641;&#x642; &#x648;&#x62B;&#x627;&#x626;&#x642; &#x627;&#x644;&#x645;&#x624;&#x644;&#x641; &#x648; &#x62A;&#x635;&#x648;&#x64A;&#x631;&#x647; &#x627;&#x644;&#x634;&#x645;&#x633;&#x649; &#x648; &#x631;&#x633;&#x645;&#x647; &#x648; &#x62A;&#x62E;&#x637;&#x64A;&#x637;&#x647; /</subfield>
    <subfield code="c">&#x62A;&#x627;&#x644;&#x64A;&#x641; &#x63A;&#x648;&#x633;&#x62A;&#x627;&#x641; &#x644;&#x648;&#x628;&#x648;&#x646; &#x61B; &#x646;&#x642;&#x644;&#x647; &#x627;&#x644;&#x649; &#x627;&#x644;&#x639;&#x631;&#x628;&#x64A;&#x629; &#x639;&#x627;&#x62F;&#x644; &#x632;&#x639;&#x64A;&#x62A;&#x631;</subfield>
  </datafield>
  <datafield tag="250" ind1=" " ind2=" ">
    <subfield code="a">&#x637; 1</subfield>
  </datafield>
  <datafield tag="260" ind1=" " ind2=" ">
    <subfield code="a">&#x627;&#x644;&#x642;&#x627;&#x647;&#x631;&#x629; : </subfield>
    <subfield code="b">&#x62F;&#x627;&#x631; &#x627;&#x644;&#x639;&#x627;&#x644;&#x645; &#x627;&#x644;&#x639;&#x631;&#x628;&#x649; &#x60C;</subfield>
    <subfield code="c">2010</subfield>
  </datafield>
  <datafield tag="300" ind1=" " ind2=" ">
    <subfield code="a">731 &#x635; :</subfield>
    <subfield code="b">&#x627;&#x64A;&#x636; &#x61B;</subfield>
    <subfield code="c">24 &#x633;&#x645;</subfield>
  </datafield>
  <datafield tag="651" ind1="0" ind2="4">
    <subfield code="a">&#x627;&#x644;&#x647;&#x646;&#x62F;</subfield>
    <subfield code="x">&#x62A;&#x627;&#x631;&#x64A;&#x62E;</subfield>
  </datafield>
  <datafield tag="651" ind1="0" ind2="4">
    <subfield code="a">&#x627;&#x644;&#x62F;&#x64A;&#x627;&#x646;&#x627;&#x62A; &#x627;&#x644;&#x647;&#x646;&#x62F;&#x64A;&#x629; &#x627;&#x644;&#x642;&#x62F;&#x64A;&#x645;&#x629;</subfield>
  </datafield>
  <datafield tag="651" ind1="0" ind2="4">
    <subfield code="a">&#x627;&#x644;&#x647;&#x646;&#x62F;</subfield>
    <subfield code="x">&#x639;&#x627;&#x62F;&#x627;&#x62A; &#x648;&#x62A;&#x642;&#x627;&#x644;&#x64A;&#x62F;</subfield>
  </datafield>
  <datafield tag="651" ind1="0" ind2="4">
    <subfield code="a">&#x627;&#x644;&#x647;&#x646;&#x62F;</subfield>
    <subfield code="x">&#x62C;&#x63A;&#x631;&#x627;&#x641;&#x64A;&#x627;</subfield>
  </datafield>
  <datafield tag="651" ind1="0" ind2="4">
    <subfield code="a">&#x627;&#x644;&#x647;&#x646;&#x62F;</subfield>
    <subfield code="x">&#x648;&#x635;&#x641; &#x648; &#x631;&#x62D;&#x644;&#x627;&#x62A;</subfield>
  </datafield>
  <datafield tag="700" ind1="0" ind2=" ">
    <subfield code="a">&#x639;&#x627;&#x62F;&#x644; &#x632;&#x639;&#x64A;&#x62A;&#x631;</subfield>
    <subfield code="e">&#x645;&#x62A;&#x631;&#x62C;&#x645;</subfield>
  </datafield>
  <datafield tag="942" ind1=" " ind2=" ">
    <subfield code="2">ddc</subfield>
    <subfield code="c">BK</subfield>
  </datafield>
  <datafield tag="999" ind1=" " ind2=" ">
    <subfield code="c">60229</subfield>
    <subfield code="d">60229</subfield>
  </datafield>
  <datafield tag="952" ind1=" " ind2=" ">
    <subfield code="0">0</subfield>
    <subfield code="1">0</subfield>
    <subfield code="4">0</subfield>
    <subfield code="7">0</subfield>
    <subfield code="a">CAI</subfield>
    <subfield code="b">CAI</subfield>
    <subfield code="d">2015-01-18</subfield>
    <subfield code="l">0</subfield>
    <subfield code="o">954\ &#x644; &#x62D;</subfield>
    <subfield code="p">159236</subfield>
    <subfield code="r">2015-01-18 00:00:00</subfield>
    <subfield code="w">2015-01-18</subfield>
    <subfield code="y">BK</subfield>
  </datafield>
</record>
